Autorzy utworów muzyki klasycznej - Statystyki

Ogólne statystyki
  • Ten quiz został rozwiązany 45 razy
  • Średni wynik to 5 z 6
Statystyki odpowiedzi
Zagadnienie Odpowiedź % Poprawnych
Cztery pory roku - Wiosna Antonio Vivaldi
100%
Walc A-moll Fryderyk Chopin
86%
Eine Kleine Nachtmusik Wolfgang Amadeusz Mozart
86%
Sonata Księżycowa Ludwig van Beethoven
82%
La Campanella Franz Liszt
77%
Nuvole Bianche Ludovico Einaudi
73%
Nie znaleziono quizów pasujących do podanych kryteriów
Rozkład punktacji
Procent ludzi z każdym wynikiem
Percentyl według liczby udzielonych odpowiedzi
Twoja historia wyników
Nie rozwiązałeś tego quizu